Handel wewnetrzny dwumiesiecznik

Saved in:
Bibliographic Details
Format: Serial
Language:Polish
Published: Warszawa Wyd. Ekon. 1988
Tags: Add Tag
No Tags, Be the first to tag this record!

MARC

LEADER 00000nas2a2200000 4500
001 s034951
005 20250730114145.8
041 0 |a pol 
044 |a PL 
245 1 0 |a Handel wewnetrzny  |b dwumiesiecznik 
264 1 |a Warszawa  |b Wyd. Ekon.  |c 1988 
773 0 |w eu_un_cat*s120721